000 01940cam a22004574i 4500
003 PE-LiUPU
005 20250731165531.0
008 150623s r 000 0 d
035 _a(Sirsi) a29570
035 _a(Sirsi) a29570
040 _aPE-LiUPU
_bspa
_cPE-LiUPU
_erda
082 0 4 _a270.985
_bV32
_221
100 1 _aVargas Ugarte, Rubén,
_eautor.
245 1 0 _aHistoria de la iglesia en el Perú (1800-1900).
_n5 /
_cRubén Vargas Ugarte.
264 1 _aLima, Perú :
_bEditorial Burgos,
_c1962.
300 _a372 páginas ;
_c22 cm.
336 _atext
_2rdacontent
337 _aunmediated
_2rdamedia
338 _avolume
_2rdacarrier
505 0 _aLa iglesia en los albores del siglo XIX. -La iglesia y la revolución. -Efectos del cambio de régimen. -Negociaciones en Roma. -Restablecimiento de la jerarquía. -Situación religiosa en el Perú republicano. -Labor espiritual entre infieles y fieles. -Goyeneche,Luna Pizarro y Herrrera. -La lucha antirrligiosa. -El episcopado antes de la guerra. - Antes y después de la guerra. -En las postrimerías del siglo. -Labor de reorganización.
526 _aSEG44
526 _aSEG26
526 _aP151
526 _aP150
526 _aP149
526 _aP146
526 _aP145
526 _aP126
526 _aP125
526 _aP92
526 _aP75
526 _aP74
526 _aP27
526 _aP15
942 _2ddc
_cBOOK
949 _aRC 270.985 V32 5
_wDEWEY
_c1
_i19136
_lRC
_mBUL
_r0
_sY
_tBOOK
_u2015-6-24
_xTEOLOGIA
_PP35
_0COMPRA
_o.CIRCNOTE. No olvidar cambiar la fecha de devolución!!!!!!!
_o.STAFF. Colección General
994 _aC0
_bPEPRU
596 _a1
999 _aRC 270.985 V32 5
_wDEWEY
_c36941
_i19136
_f2021-11-8
_g6
_lCCODEBUL1
_mBUL
_r1
_sY
_tBOOK
_u2015-6-24
_xTEOLOGIA
_PP35
_0COMPRA
_o.CIRCNOTE. No olvidar cambiar la fecha de devolución!!!!!!!
_o.STAFF. Colección General
_d36941
980 _81
_gALBERTO SANCHEZ Responsable de Automatización